LIBRARY & INFORMATION CENTRE, KCAET, TAVANUR

ONLINE PUBLIC ACCESS CATALOGUE (OPAC)

Soil Conditions and Plant Growth (Record no. 10869)

MARC details
000 -LEADER
fixed length control field 00349cam a2200145ua 4500
020 ## - INTERNATIONAL STANDARD BOOK NUMBER
ISBN 8176220574
082 ## - DEWEY DECIMAL CLASSIFICATION NUMBER
Classification number 631.46
Item number RUS/SO
100 ## - MAIN ENTRY--AUTHOR NAME
Personal name John Russell, E .
245 ## - TITLE STATEMENT
Title Soil Conditions and Plant Growth
250 ## - EDITION STATEMENT
Edition statement 10 / 8
260 ## - PUBLICATION, DISTRIBUTION, ETC. (IMPRINT)
Place of publication Delhi
Name of publisher Biotech Books
Year of publication 2012
300 ## - PHYSICAL DESCRIPTION
Number of Pages 635
700 1# - ADDED ENTRY--PERSONAL NAME
Personal name Russell, Walter .
942 ## - ADDED ENTRY ELEMENTS (KOHA)
Koha item type Books
Holdings
Withdrawn status Lost status Damaged status Home library Current library Date acquired Full call number Accession Number Koha item type Collection code Shelving location Source of acquisition Cost, normal purchase price
      KAUAET KAUAET 22/08/1986 631.46 15496 Books        
      KAUAET KAUAET 15/06/2016 631.46 RUS/SO 24313 Books   General Stacks Universal Research Books, Thrissur 1350.00
free website counter